APPLE CONFIDENTIAL 2 0 THE DEFINITIVE HI (Record no. 7803)
[ view plain ]
| 000 -LEADER | |
|---|---|
| fixed length control field | 00353nam a2200133Ia 4500 |
| 008 - FIXED-LENGTH DATA ELEMENTS--GENERAL INFORMATION | |
| fixed length control field | 240624s9999 xx 000 0 und d |
| 041 ## - LANGUAGE CODE | |
| Language code of text/sound track or separate title | eng |
| 082 ## - DEWEY DECIMAL CLASSIFICATION NUMBER | |
| Classification number | 338.76 LIN |
| 100 ## - MAIN ENTRY--PERSONAL NAME | |
| Personal name | LINZMAYER OWEN W |
| 245 ## - TITLE STATEMENT | |
| Title | APPLE CONFIDENTIAL 2 0 THE DEFINITIVE HI |
| 260 ## - PUBLICATION, DISTRIBUTION, ETC. | |
| Date of publication, distribution, etc. | 2004 |
| Place of publication, distribution, etc. | San Francisco |
| Name of publisher, distributor, etc. | No Starch Press |
| 300 ## - PHYSICAL DESCRIPTION | |
| Extent | 344 , p. , 25 , cm. |
| 365 ## - TRADE PRICE | |
| Currency code | |
| Price amount | 15 |
| Withdrawn status | Lost status | Damaged status | Not for loan | Home library | Current library | Shelving location | Date acquired | Source of acquisition | Cost, normal purchase price | Full call number | Barcode | Date last seen | Copy number | Price effective from | Koha item type |
|---|---|---|---|---|---|---|---|---|---|---|---|---|---|---|---|
| IMTN | IMTN | Rack 13-A | 12/24/2007 | RBC | 19.95 | 338.76 LIN | 7803 | 06/24/2024 | 41.8 | 06/24/2024 | Books |